[Event "2nd Bundesliga West 2005-6"]
[Site "Austria AUT"]
[Date "2006.03.17"]
[Round "9"]
[White "Bromberger,S"]
[Black "Savchenko,S"]
[Result "1/2-1/2"]
[WhiteElo "2481"]
[BlackElo "2495"]

1.e4 c5 2.Nf3 e6 3.d4 cxd4 4.Nxd4 Nc6 5.Nc3 a6 6.Nxc6 bxc6 7.Bd3 d5 8.O-O Qc7
9.Re1 Bb7 10.Qf3 Bd6 11.e5 Bf8 12.b3 c5 13.Na4 Ne7 14.Ba3 Ng6 15.Qe3 Rc8
16.c4 d4 17.Qg3 Be7 18.Be4 Bxe4 19.Rxe4 h5 20.Rae1 Kf8 21.Bc1 Qd8 22.Bd2 Nh4
23.Qd3 Nf5 24.R1e2 g6 25.h3 Kg7 26.Be1 a5 27.Nb2 Ra8 28.Kf1 Ra6 29.Rc2 Qa8
30.Ke2 h4 31.Kf1 Qc6 32.Rce2 Rha8 33.Na4 Rh8 34.Bd2 Rh5 35.Rg4 Ra8 36.Nb2 Ra6
37.Na4 Ra8 38.Nb2 Ra6 39.Ke1 Ra7 40.Na4 Ra6 41.Kd1 Ra7 42.Kc2 Ra6 43.Re1 Ra7
44.Kd1 Ra6 45.Qe4 Qc7 46.Nb2 Ra7 47.Kc2 Ra6 48.Kd3 Ra7 49.Na4 Ra6 50.Bf4 Ra7
51.Qf3 Ra6 52.Nb2 Qd7 53.Ke2 Ra7 54.Kf1 Ra6 55.Bc1 Qc8 56.Na4 Qc7 57.Kg1 Qc8
58.Rge4 Qc6 59.Qg4 Ra7 60.Nb2 Ra6 61.Kh2 a4 62.Nxa4 Rxa4 63.bxa4 Qxa4 64.Qe2 Rh8
65.g4 hxg3+ 66.fxg3 Ra8 67.g4 Nh4 68.a3 g5 69.Rf1 Qb3 70.Rf2 Qb7 71.Qd3 Ra4
72.Re1 Ng6 73.Qf1 Nxe5 74.Bxg5 Bxg5 75.Rxe5 Be3 76.Rxe3 dxe3 77.Qa1+ Kg8
78.Qe5 exf2 79.Qg5+  1/2-1/2

[Event "Sozina Open"]
[Site "Bar SCG"]
[Date "2006.03.18"]
[Round "1"]
[White "Bojovic,Z"]
[Black "Vratonjic,S"]
[Result "0-1"]
[WhiteElo "2161"]
[BlackElo "2473"]

1.e4 c5 2.Nf3 e6 3.d4 cxd4 4.Nxd4 Nc6 5.Nc3 Qc7 6.g3 d6 7.Bg2 Nxd4 8.Qxd4 Ne7
9.O-O Nc6 10.Nb5 Qb8 11.Qc3 Bd7 12.Be3 a6 13.Nd4 Ne5 14.Nf3 Ng4 15.Bb6 Qc8
16.Qb3 Be7 17.h3 Nf6 18.e5 Nd5 19.Bd4 Bb5 20.Rfc1 Bc4 21.Qa4+ b5 22.Qa5 dxe5
23.Bc3 f6 24.Be1 Bd8 25.Qd2 Nb6 26.b3 Bd5 27.c4 bxc4 28.bxc4 Bc6 29.Qb4 Qc7
30.Rab1 Nd7 31.Qa3 a5 32.Bf1 Be7 33.c5 Bd5 34.Bb5 O-O 35.Nd2 Rfc8 36.Nb3 a4
37.Bxa4 Bc6 38.Na5 Rxa5 39.Bxa5 Qxa5 40.Qb3 Qxa4 41.Qxe6+ Kf8 42.Rc4 Qxa2
43.Rd1 Qe2 44.Rcd4 Qf3 45.Rd5 Bxd5 46.Rxd5 Bxc5  0-1

[Event "2nd Bundesliga West 2005-6"]
[Site "Austria AUT"]
[Date "2006.03.19"]
[Round "11"]
[White "Bensch,P"]
[Black "Maiwald,JU"]
[Result "0-1"]
[WhiteElo "2279"]
[BlackElo "2503"]

1.e4 c5 2.Nf3 e6 3.d4 cxd4 4.Nxd4 Nc6 5.Nc3 Qc7 6.Be2 a6 7.O-O b5 8.Nxc6 dxc6
9.e5 Qxe5 10.Bf3 Bb7 11.Re1 Qc7 12.Bh5 Be7 13.Rxe6 g6 14.Qd4 fxe6 15.Bf4 Bf6
16.Qe3 e5 17.Bg4 Kf7 18.Bg3 h5 19.f4 Re8  0-1

[Event "2nd Bundesliga West 2005-6"]
[Site "Austria AUT"]
[Date "2006.03.19"]
[Round "11"]
[White "Lanka,Z"]
[Black "Dovzik,J"]
[Result "1-0"]
[WhiteElo "2510"]
[BlackElo "2422"]

1.e4 c5 2.Nf3 Nc6 3.d4 cxd4 4.Nxd4 e6 5.Nc3 Qc7 6.Be2 a6 7.a3 Nf6 8.f4 d6
9.g4 h6 10.h4 Be7 11.Bf3 Nxd4 12.Qxd4 e5 13.Qd1 exf4 14.Bxf4 Be6 15.Qe2 Nd7
16.O-O-O Ne5 17.Bxe5 dxe5 18.Nd5 Bxd5 19.exd5 O-O-O 20.Rd3 Kb8 21.Rh3 Bd6
22.Rb3 e4 23.Bxe4 Rhe8 24.Kb1 Re7 25.Rhc3 Qa5 26.Ka2 Rde8 27.Rc4 Rc7 28.Rc6 Qa4
29.Rxd6 Qxe4 30.Rd8+ Rc8 31.Qxa6  1-0

[Event "2nd Bundesliga West 2005-6"]
[Site "Austria AUT"]
[Date "2006.03.19"]
[Round "11"]
[White "Kanonier,C"]
[Black "Teske,H"]
[Result "0-1"]
[WhiteElo "2100"]
[BlackElo "2486"]

1.e4 c5 2.Nf3 Nc6 3.d4 cxd4 4.Nxd4 e6 5.Nc3 Nf6 6.Be3 Bb4 7.f3 d5 8.exd5 Nxd5
9.Nxc6 bxc6 10.Bd4 O-O 11.a3 Nxc3 12.bxc3 Ba5 13.Qd2 Qe7 14.Qe3 Bb6 15.Qe4 c5
16.Qxa8 Bb7 17.Qxf8+ Kxf8 18.Be5 Qg5 19.Bd6+ Kg8 20.f4 Qh4+  0-1

[Event "Open"]
[Site "Bad Woerishofen GER"]
[Date "2006.03.19"]
[Round "3"]
[White "Negi,P"]
[Black "Graf,F"]
[Result "1-0"]
[WhiteElo "2396"]
[BlackElo "2209"]

1.e4 c5 2.Nf3 e6 3.d4 cxd4 4.Nxd4 Nc6 5.Nc3 Qc7 6.Be3 a6 7.Bd3 b5 8.O-O Bb7
9.Nb3 Nf6 10.f4 Na5 11.e5 Nd5 12.Nxd5 Bxd5 13.Qe1 Nxb3 14.axb3 f6 15.Qf2 Be7
16.c4 Bc6 17.cxb5 axb5 18.Rxa8+ Bxa8 19.Bxb5 O-O 20.Qd2 Bd5 21.Rc1 Qb7 22.Bc4 Bb4
23.Qe2 fxe5 24.fxe5 Rf5 25.Ba6 Qb8 26.Rc8+ Qxc8 27.Bxc8 Rxe5 28.Qd3 d6 29.Qb5 h6
30.Bd4 Bc5 31.Bxc5 dxc5 32.Qb8  1-0

[Event "FIDE WCh Women KO"]
[Site "Ekaterinburg RUS"]
[Date "2006.03.19"]
[Round "4.3"]
[White "Xu Yuhua"]
[Black "Kovalevskaya,E"]
[Result "1-0"]
[WhiteElo "2502"]
[BlackElo "2458"]

1.e4 c5 2.Nf3 e6 3.d4 cxd4 4.Nxd4 Nc6 5.Nc3 d6 6.Be2 Nf6 7.O-O Be7 8.Be3 O-O
9.f4 e5 10.Nxc6 bxc6 11.Kh1 exf4 12.Bxf4 Be6 13.Bf3 Qb6 14.b3 Rad8 15.Qe1 Kh8
16.Rd1 Qa5 17.Bd2 Qe5 18.Ne2 d5 19.Bf4 Qb2 20.e5 Ne4 21.Nd4 Bc5 22.Nxe6 fxe6
23.Bxe4 dxe4 24.Qxe4 Rxd1 25.Rxd1 Qxa2 26.h3 Qa6 27.Kh2 Qb7 28.Rd3 h6 29.Bg3 Bb6
30.Qg6 Qe7 31.Rd6 Qg5 32.Qxg5 hxg5 33.Be1 Rf1 34.Bd2 Rf2 35.Bxg5 Bc7 36.Rxe6 Rf5
37.h4 Rxe5 38.Rxe5 Bxe5+ 39.Kh3 Kh7 40.Kg4 Kg6 41.h5+ Kf7 42.Kf5 Bc3 43.Bf4 a6
44.g4 c5 45.Be5 Bd2 46.c4 Be3 47.g5 g6+ 48.hxg6+ Kg8 49.Bf6 Bd2 50.Ke6 Be3
51.Kd5 Bf2 52.Be7 Kg7 53.Bxc5 Bh4 54.Be7 Kxg6 55.c5  1-0

[Event "TCh-HUN 2005-6"]
[Site "Hungary HUN"]
[Date "2006.03.19"]
[Round "9"]
[White "Horvath,Ta1"]
[Black "Fusthy,Z"]
[Result "1-0"]
[WhiteElo "2405"]
[BlackElo "2273"]

1.e4 c5 2.Nf3 Nc6 3.Nc3 e6 4.d4 cxd4 5.Nxd4 Nf6 6.Nxc6 bxc6 7.e5 Nd5 8.Ne4 Qc7
9.f4 Qb6 10.c4 Ne3 11.Qd3 Nf5 12.g4 Nd4 13.Bg2 h5 14.g5 Rb8 15.b3 Bb7 16.Bb2 Nf5
17.O-O-O Qe3+ 18.Kc2 Qxd3+ 19.Rxd3 Nh4 20.Bh3 c5 21.Re1 Bxe4 22.Rxe4 g6 23.Bc3 Rb6
24.Re1 a6 25.Red1 Rb7 26.Be1 Nf5 27.Bg2 Ra7 28.Ba5 d5 29.exd6 Rd7 30.Bc6 Nd4+
31.Rxd4 cxd4 32.Rxd4 Bg7 33.Rd3 f6 34.Re3 e5 35.gxf6 Bxf6 36.fxe5  1-0

[Event "ch-Moscow Prelim KO"]
[Site "Moscow RUS"]
[Date "2006.03.20"]
[Round "1.1"]
[White "Kurenkov,N"]
[Black "Potkin,V"]
[Result "1/2-1/2"]
[WhiteElo "2443"]
[BlackElo "2557"]

1.e4 c5 2.Nf3 e6 3.d4 cxd4 4.Nxd4 Nc6 5.Nc3 a6 6.Be2 d6 7.O-O Bd7 8.a4 Nf6
9.Nb3 Na5 10.Nxa5 Qxa5 11.Qd3 Bc6 12.Bd2 Qc7 13.b4 Be7 14.b5 Bd7 15.Qg3 O-O
16.Rfb1 Rfc8 17.Bd3 Be8 18.bxa6 bxa6 19.a5 Bc6 20.Qe3 d5 21.exd5 Nxd5 22.Qh3 g6
23.Nxd5 Bxd5 24.Be3  1/2-1/2

[Event "Torre ENTEL PCS"]
[Site "Santiago CHI"]
[Date "2006.03.22"]
[Round "1"]
[White "Alvarez Nunez,J"]
[Black "Leitao,R"]
[Result "0-1"]
[WhiteElo "2208"]
[BlackElo "2575"]

1.e4 c5 2.Nf3 Nc6 3.d4 cxd4 4.Nxd4 e6 5.Nc3 a6 6.f3 Nge7 7.Be3 Nxd4 8.Qxd4 b5
9.Qd2 Nc6 10.Qf2 Qc7 11.O-O-O Be7 12.Bc5 O-O 13.Bxe7 Nxe7 14.Qg3 e5 15.Qg5 d6
16.Qd2 Rd8 17.f4 Bb7 18.Bd3 exf4 19.Qxf4 Ng6 20.Qg3 Ne5 21.Nd5 Bxd5 22.exd5 Re8
23.Rhe1 Re7 24.Kb1 Rae8 25.c3 g6 26.h3 Qc5 27.Bc2 Nc4 28.Rxe7 Rxe7 29.Qh4 Qe3
30.Qf6 Qe2 31.h4 Re8 32.Qg5 Ne3 33.Rc1 Qxg2 34.Qxg2 Nxg2 35.h5 gxh5 36.Bd1 h4
37.a4 h3 38.axb5 axb5 39.Bf3 Re3 40.Rf1 Re1+ 41.Rxe1 Nxe1 42.Be4 h2 43.b3 Nd3  0-1

[Event "TCh-AUT 2005-6"]
[Site "Austria AUT"]
[Date "2006.03.23"]
[Round "8"]
[White "Atlas,V"]
[Black "Ribli,Z"]
[Result "1/2-1/2"]
[WhiteElo "2480"]
[BlackElo "2593"]

1.e4 c5 2.Nf3 e6 3.d4 cxd4 4.Nxd4 Nc6 5.Nc3 Qc7 6.g3 a6 7.Bg2 Nf6 8.O-O Be7
9.Be3 O-O 10.Nxc6 bxc6 11.Na4 d5 12.exd5 cxd5 13.c4 Bb7 14.Nb6 Rad8 15.cxd5 Nxd5
16.Nxd5 Bxd5 17.Bxd5 Rxd5 18.Qe2 Qb7 19.Rad1 Rfd8 20.b3 Bf6 21.Rxd5 exd5
22.Rd1 d4 23.Bf4 h6 24.Qd3 Qc6 25.a4 Bg5 26.Rc1 Qf6 27.Bxg5 Qxg5 28.Rc4 Qd5
29.h3 g6 30.b4 Qd7 31.Kg2 Kg7 32.h4 h5 33.Kh2 Kh7 34.Kg2 Qd5+ 35.Kh2 Kg8
36.Rc2 Re8 37.Rc1 Qd6 38.b5 axb5 39.axb5 Rd8  1/2-1/2

[Event "ch-LTU"]
[Site "Vilnius LTU"]
[Date "2006.03.23"]
[Round "8"]
[White "Piesina,G"]
[Black "Malisauskas,V"]
[Result "0-1"]
[WhiteElo "2358"]
[BlackElo "2503"]

1.e4 c5 2.Nc3 Nc6 3.Nge2 e6 4.d4 cxd4 5.Nxd4 Nf6 6.Ndb5 d6 7.Bf4 e5 8.Bg5 a6
9.Na3 b5 10.Bxf6 gxf6 11.Nd5 f5 12.Bd3 Be6 13.Qh5 Rg8 14.g3 Rg6 15.c3 Rh6
16.Qf3 f4 17.Nc2 Rg6 18.h3 Bh6 19.g4 Kf8 20.a4 bxa4 21.Rxa4 a5 22.Kd2 Rb8
23.b4 axb4 24.cxb4 Ne7 25.b5 Nxd5 26.exd5 Bd7 27.Rb1 Qb6 28.Rb3 Bc8 29.Rc3 Bb7
30.Ke1 Bg7 31.Rc6 Bxc6 32.dxc6 Re6 33.Kf1 Bf6 34.Qe4 Bh4 35.Nd4 exd4 36.Qxh7 Bf6
37.g5 Bg7 38.Qf5 Re5 39.Qd7 Re7 40.Qxd6 Rd8 41.Qb4 f3 42.Qa3 Re8 43.Kg1 Qc5  0-1

[Event "ch-ARG s/f"]
[Site "Buenos Aires ARG"]
[Date "2006.03.24"]
[Round "4"]
[White "Orsini,A"]
[Black "Dolezal,C"]
[Result "1-0"]
[WhiteElo "2257"]
[BlackElo "2400"]

1.e4 c5 2.Nf3 e6 3.Nc3 Nc6 4.d4 cxd4 5.Nxd4 Nf6 6.Ndb5 Bc5 7.Bf4 e5 8.Be3 Bb4
9.a3 Bxc3+ 10.Nxc3 d6 11.Bc4 Be6 12.Qd3 Bxc4 13.Qxc4 Ng4 14.O-O-O Nxe3 15.fxe3 Qg5
16.Kb1 Rd8 17.Qe2 O-O 18.g4 Rd7 19.h4 Qd8 20.g5 Ne7 21.Qc4 Qb6 22.Rd3 Rc8
23.Qa2 Rdc7 24.Rf1 Rc4 25.h5 Qd8 26.Nb5 d5 27.exd5 Rxc2 28.d6 R8c4 29.Qb3 Nc6
30.Nc3 R2xc3 31.Rxc3 Na5 32.Qc2 Rxc3 33.Qxc3 Qxd6 34.Qc8+ Qf8 35.Qxf8+ Kxf8
36.g6 hxg6 37.hxg6 f6 38.Rh1 Nc4 39.Rh8+ Ke7 40.Rg8 f5 41.Rxg7+ Kf8 42.Rf7+ Kg8
43.Rxf5 Kg7 44.Rf7+ Kxg6 45.Rxb7 a5 46.Rb5 Kf5 47.Kc2 Nxe3+ 48.Kd3 Kf4 49.Rxa5 e4+
50.Ke2 Nc2 51.Ra4 Ke5 52.Rc4 Nd4+ 53.Rxd4 Kxd4 54.b4 e3 55.a4  1-0

[Event "VII Dos Hermanas Internet"]
[Site "ICC INT"]
[Date "2006.03.24"]
[Round "1.1"]
[White "Lie,K"]
[Black "Ganguly,S"]
[Result "0-1"]
[WhiteElo "2493"]
[BlackElo "2579"]

1.e4 c5 2.Nf3 e6 3.d4 cxd4 4.Nxd4 Nc6 5.Nc3 Qc7 6.Be3 a6 7.Bd3 Nf6 8.O-O b5
9.Nxc6 Qxc6 10.Kh1 Bb7 11.f3 Bc5 12.Qe1 Bxe3 13.Qxe3 Qc7 14.a4 b4 15.Na2 a5
16.c3 bxc3 17.Nxc3 O-O 18.Nb5 Qb8 19.e5 Nd5 20.Qe4 f5 21.Qd4 Nb4 22.Rfd1 Bd5
23.Rac1 Nc6 24.Qc5 Qxe5 25.Re1 Qxb2 26.Nc7 Nb4 27.Bb5 Rad8 28.Qb6 Nd3 29.Rb1 Rb8
30.Qxa5 Nf2+ 31.Kg1 Qd4 32.Kf1 Ne4 33.Re2 Bc4  0-1

[Event "VII Dos Hermanas Internet"]
[Site "ICC INT"]
[Date "2006.03.24"]
[Round "1.3"]
[White "Lie,K"]
[Black "Ganguly,S"]
[Result "0-1"]
[WhiteElo "2493"]
[BlackElo "2579"]

1.e4 c5 2.Nf3 e6 3.d4 cxd4 4.Nxd4 Nc6 5.Nc3 Qc7 6.Be3 a6 7.Bd3 Nf6 8.O-O b5
9.Nxc6 Qxc6 10.Kh1 Bb7 11.f3 Bc5 12.Qe1 Bxe3 13.Qxe3 Qc7 14.a4 b4 15.Na2 a5
16.c3 bxc3 17.Nxc3 O-O 18.Nb5 Qb8 19.Rac1 Bc6 20.Rfd1 Rc8 21.e5 Nd5 22.Qe4 f5
23.Qd4 Nb4 24.Nd6 Rf8 25.Bb5 Qa7 26.Qxa7 Rxa7 27.Rc5 Rb8 28.b3 Kf8 29.Kg1 Ke7
30.Kf2 Raa8 31.h4 g6 32.Kg3 h6 33.Kf2 Ra7 34.Ke2 Rc7 35.Kf2 Ra7 36.Rd2 Rc7
37.g4 fxg4 38.fxg4 Rf8+ 39.Ke1 Rf3 40.Rf2 Rxf2 41.Kxf2 g5 42.hxg5 hxg5 43.Be2 Nd5
44.Rxa5 Nf4 45.Rc5 Nxe2 46.Nb5 Nf4 47.Kg3 Rb7 48.Nd4 Rb4 49.Nxc6+ dxc6 50.Rxc6 Rxb3+
51.Kf2 Nd3+ 52.Ke2 Nxe5 53.Rc7+ Kd6 54.Rb7 Rxb7  0-1

[Event "VII Dos Hermanas Internet"]
[Site "ICC INT"]
[Date "2006.03.24"]
[Round "2.3"]
[White "Ni Hua"]
[Black "Movsesian,S"]
[Result "1/2-1/2"]
[WhiteElo "2614"]
[BlackElo "2632"]

1.e4 c5 2.Nf3 e6 3.d4 cxd4 4.Nxd4 Nc6 5.Nc3 Qc7 6.g3 a6 7.Bg2 Nf6 8.O-O d6
9.Re1 Nd7 10.Nxc6 bxc6 11.Na4 Be7 12.c4 O-O 13.Bf4 e5 14.Be3 Bb7 15.c5 dxc5
16.Qc2 Qa5 17.Bd2 Qc7 18.Be3 Rfd8 19.Red1 Qa5 20.Bd2 Qc7 21.Be3 a5 22.Nxc5 Bxc5
23.Bxc5 Ba6 24.Bd6 Qb7 25.Rac1 Rac8 26.Bh3 Re8 27.Ba3 Nf6 28.Bxc8 Rxc8 29.Qxc6  1/2-1/2

[Event "7th Karpov"]
[Site "Poikovsky RUS"]
[Date "2006.03.24"]
[Round "6"]
[White "Ponomariov,R"]
[Black "Rublevsky,S"]
[Result "1-0"]
[WhiteElo "2723"]
[BlackElo "2665"]

1.e4 c5 2.Nf3 e6 3.d4 cxd4 4.Nxd4 Nc6 5.Nc3 a6 6.Nxc6 bxc6 7.Bd3 d5 8.O-O Nf6
9.Re1 Be7 10.e5 Nd7 11.Qg4 g6 12.Na4 Qa5 13.Bh6 Qb4 14.Qxb4 Bxb4 15.c3 Ba5
16.b4 Bc7 17.f4 a5 18.b5 Nb6 19.Nxb6 Bxb6+ 20.Kf1 cxb5 21.Bxb5+ Bd7 22.Rab1 Bxb5+
23.Rxb5 Bc7 24.c4 dxc4 25.Rc5 O-O-O 26.Rxc4 Rd7 27.Bg5 Kb7 28.Rb1+ Bb6 29.f5 Ka7
30.Rc6 Bd4 31.fxe6 fxe6 32.Bf6 Re8 33.Rb5 Rd5 34.Rxe6 Rxb5 35.Rxe8 Rb2 36.Bh4 g5
37.Bg3 Rxa2 38.e6 Ra1+ 39.Ke2 Ra3 40.Rd8 Bc5 41.Rd5 Ra2+ 42.Kd3 Bb4 43.e7 Bxe7
44.Rd7+ Kb6 45.Rxe7 Rxg2 46.Rxh7 a4 47.Re7 a3 48.Re2 Rxe2 49.Kxe2 Kc5 50.Kd3  1-0

[Event "TCh-AUT 2005-6"]
[Site "Austria AUT"]
[Date "2006.03.25"]
[Round "10"]
[White "Balinov,I"]
[Black "Sommerbauer,N"]
[Result "1/2-1/2"]
[WhiteElo "2455"]
[BlackElo "2452"]

1.e4 c5 2.Nf3 e6 3.d4 cxd4 4.Nxd4 Nc6 5.Nc3 Qc7 6.Be2 a6 7.O-O Nf6 8.Kh1 Be7
9.f4 d6 10.Be3 O-O 11.Qe1 Nxd4 12.Bxd4 b5 13.a3 Bb7 14.Qg3 Bc6 15.Rae1 Rae8
16.e5 dxe5 17.Bxe5 Qd7 18.Bd3 Nh5 19.Qh3 g6 20.Be2 Ng7 21.Bf3 f6 22.Rd1 Qb7
23.Bd6 Nf5 24.Bb4 Bxf3 25.Qxf3 Qxf3 26.Rxf3 Bxb4 27.axb4 e5 28.fxe5 Rxe5
29.Kg1  1/2-1/2

[Event "2nd Bundesliga Mitte 2005-6"]
[Site "Austria AUT"]
[Date "2006.03.25"]
[Round "10"]
[White "Rogic,D"]
[Black "Horvath,Ad1"]
[Result "1/2-1/2"]
[WhiteElo "2533"]
[BlackElo "2532"]

1.e4 c5 2.Nf3 e6 3.d4 cxd4 4.Nxd4 Nc6 5.Nc3 Qc7 6.Be3 a6 7.Bd3 Nf6 8.O-O Nxd4
9.Bxd4 Bc5 10.Bxc5 Qxc5 11.Na4 Qc7 12.c4 d6 13.Re1 Bd7 14.Nc3 O-O 15.Rc1 Rac8
16.Rc2 Qc5 17.Rd2 b5 18.cxb5 axb5 19.a3 b4 20.axb4 Qxb4 21.h3  1/2-1/2

[Event "TCh-AUT 2005-6"]
[Site "Austria AUT"]
[Date "2006.03.25"]
[Round "10"]
[White "Sprenger,J"]
[Black "Ribli,Z"]
[Result "1/2-1/2"]
[WhiteElo "2505"]
[BlackElo "2593"]

1.e4 c5 2.Nf3 e6 3.d4 cxd4 4.Nxd4 Nc6 5.Nc3 Qc7 6.g3 a6 7.Bg2 Nf6 8.O-O Be7
9.Re1 O-O 10.Nxc6 dxc6 11.e5 Rd8 12.Qf3 Nd5 13.h4 Nxc3 14.Qxc3 Bd7 15.Bg5 Be8
16.Rad1 Rxd1 17.Rxd1 Bf8 18.Bf4 Be7 19.Bg5  1/2-1/2

[Event "TCh-NED 2005-6"]
[Site "Netherlands NED"]
[Date "2006.03.25"]
[Round "8"]
[White "Muhren,B"]
[Black "Kabatianski,A"]
[Result "0-1"]
[WhiteElo "2241"]
[BlackElo "2436"]

1.e4 c5 2.Nf3 e6 3.d4 cxd4 4.Nxd4 Nc6 5.Nc3 a6 6.Be3 Nf6 7.Qd2 Bb4 8.f3 d5
9.a3 Qa5 10.Nb3 Bxc3 11.Nxa5 Bxd2+ 12.Bxd2 Nxa5 13.Bxa5 dxe4 14.Bc3 Rg8 15.Rg1 Bd7
16.Bxf6 gxf6 17.fxe4 Rc8 18.Bd3 Rc5 19.g3 Bc6 20.Kf2 Rh5 21.Rg2 Re5 22.Re1 f5
23.Kf3 fxe4+ 24.Bxe4 Rxe4  0-1

[Event "TCh-BEL 2005-6"]
[Site "Belgium BEL"]
[Date "2006.03.26"]
[Round "11"]
[White "Berelovich,A"]
[Black "David,Alb"]
[Result "1-0"]
[WhiteElo "2571"]
[BlackElo "2591"]

1.e4 c5 2.Nf3 Nc6 3.d4 cxd4 4.Nxd4 e6 5.Nc3 d6 6.g4 a6 7.Be3 Nge7 8.Nb3 b5
9.Qd2 Ne5 10.Be2 h5 11.g5 Bb7 12.a3 Nf5 13.O-O-O Nxe3 14.Qxe3 Ng4 15.Bxg4 hxg4
16.g6 Rc8 17.Kb1 Rh3 18.Qe2 Qg5 19.gxf7+ Kxf7 20.Rhg1 Rxh2 21.Rxg4 Qe5 22.Qe3 Kg8
23.Rdg1 Qf6 24.f4 Qf7 25.Nd4 Rc5 26.f5 exf5 27.Nxf5 Bxe4 28.Rxg7+ Bxg7 29.Rxg7+ Qxg7
30.Nxg7 Rh1+ 31.Ka2 Bg6 32.Ne6 Re5 33.Qf3  1-0

[Event "TCh-BEL 2005-6"]
[Site "Belgium BEL"]
[Date "2006.03.26"]
[Round "11"]
[White "Smits,May"]
[Black "Goormachtigh,J"]
[Result "0-1"]
[WhiteElo "2173"]
[BlackElo "2231"]

1.e4 c5 2.Nf3 e6 3.d4 cxd4 4.Nxd4 Nc6 5.Nc3 a6 6.Be3 Qc7 7.Bd3 Nf6 8.O-O Ne5
9.Be2 b5 10.f4 Nc4 11.Bxc4 Qxc4 12.e5 Nd5 13.Nxd5 Qxd5 14.Qg4 Bb7 15.Rfd1 Qe4
16.Rd3 h5 17.Qe2 h4 18.h3 Bd5 19.Bc1 Bc5 20.Qxe4 Bxe4 21.Rd2 Bxc2 22.b4 Bb6
23.Bb2 Be4 24.Re1 Bd5 25.a3 Rc8 26.Kh2 Rc4 27.Rc1 Rxc1 28.Bxc1 f6 29.Nf5 g6
30.Nd6+ Ke7 31.Rc2 Bc6 32.Bb2 f5 33.g3 Bc7 34.Rd2 Bb6 35.Rc2 Be3 36.Bc1 Bd4
37.Bb2 Ba7 38.gxh4 Be3 39.Bc1 Bb6 40.Kg3 Bc7 41.Rd2 Bd5 42.Rc2 Bxd6 43.exd6+ Kxd6
44.Bb2 Rg8 45.Be5+ Ke7 46.Rc7 Ra8 47.Bd4 Be4 48.Bc5+ Kd8 49.Bb6 Ke8 50.Kf2 Bc6
51.Ra7 Rxa7 52.Bxa7 d6 53.h5 gxh5 54.Kg3 Kd7 55.h4 Be4 56.Kf2 Kc6 57.Ke3 Kd5
58.Bb8 Bg2 59.Bc7 Bh3 60.Bb8 Bg4 61.Bc7 Bd1 62.Bb8 e5 63.Bc7 Bb3 64.Bb8 Ba2
65.Bc7 Bb1 66.Bb8 Bc2 67.Bc7 Bb3 68.Bb8 Ba2 69.Bc7 Kc4 70.Bxd6 e4 71.Bc7 Bb1
72.Kd2 Kb3 73.Bb6 Kxa3 74.Ba5 Kb3 75.Ke3 Kc3 76.Ke2 Ba2 77.Ke3 Bc4 78.Kf2 Kd2
79.Bb6 a5 80.bxa5 b4 81.Bd4 b3  0-1

[Event "ch-ARG s/f"]
[Site "Buenos Aires ARG"]
[Date "2006.03.26"]
[Round "7"]
[White "Valerga,D"]
[Black "Needleman,G"]
[Result "1/2-1/2"]
[WhiteElo "2472"]
[BlackElo "2413"]

1.e4 c5 2.Nf3 e6 3.d4 cxd4 4.Nxd4 Nc6 5.Nc3 Qc7 6.Be2 a6 7.O-O Nf6 8.Kh1 b5
9.Nxc6 dxc6 10.f4 b4 11.Na4 Nxe4 12.Qd4 Nf6 13.Nb6 Rb8 14.Nxc8 Qxc8 15.f5 Be7
16.fxe6 fxe6 17.Bg5 O-O 18.Bd3 h6 19.Bxf6 Rxf6 20.Qe4 Kf8 21.Bc4 Rxf1+ 22.Rxf1+ Bf6
23.Bxe6 Qe8 24.Qe5 Ke7 25.Qc7+ Kxe6 26.Re1+ Kf5 27.g4+ Kg5 28.Rxe8 Rxe8 29.Qxc6 Re2
30.Qxa6 Rf2 31.Qb6 Rf4 32.h3 Bxb2 33.Kg2 Bf6 34.Qe3 Bd4 35.Qe6 Kh4 36.Qe1+ Rf2+
37.Qxf2+ Bxf2 38.Kxf2 Kxh3 39.c3 Kxg4  1/2-1/2

[Event "ch-ARG s/f"]
[Site "Buenos Aires ARG"]
[Date "2006.03.26"]
[Round "7"]
[White "Fiori,H"]
[Black "Elias,L"]
[Result "0-1"]
[WhiteElo "2180"]
[BlackElo "2069"]

1.e4 c5 2.Nf3 e6 3.d4 cxd4 4.Nxd4 Nc6 5.Nc3 Qc7 6.g3 a6 7.Bg2 Nf6 8.O-O Nxd4
9.Qxd4 Bc5 10.Bf4 d6 11.Qd2 Ke7 12.Rad1 h6 13.Na4 e5 14.Nxc5 dxc5 15.Be3 Ng4
16.f4 f6 17.fxe5 fxe5 18.Bg5+ Nf6 19.Bxf6+ gxf6 20.Qf2 Rf8 21.Qe3 h5 22.Rd5 b6
23.Qh6 Be6 24.Rd2 Rf7 25.Qxh5 c4 26.c3 Rg8 27.Bh3 Qc5+ 28.Rff2 Rg5 29.Qh8 Rf8
30.Qh7+ Rf7 31.Qh6 Qe3 32.Qh4 Bxh3 33.Qxh3 Qe1+ 34.Qf1 Qxe4 35.Qd1 Qc6 36.Rd8 Rh7
37.Rd5 Kf7 38.Rfd2 Kg6 39.Qc2+ Kh6 40.Qe4 Rf7 41.Rxe5 Qxe4 42.Rxe4 Re5 43.Rxe5 fxe5
44.Re2 Re7 45.Kg2 Kg5 46.h4+ Kf5 47.Kh3 e4 48.Re3 Rd7 49.Re2 Re7 50.Kg2 Rd7
51.Kf2 Rd3 52.a4 b5 53.axb5 axb5 54.Kg2 b4 55.cxb4 Rb3 56.Rc2 Rxb4 57.Kh3 e3
58.h5 Ke4 59.g4 Kd3 60.Rc3+ Kd2 61.Rxe3 Kxe3 62.h6 Kf4  0-1

[Event "ch-ARG s/f"]
[Site "Buenos Aires ARG"]
[Date "2006.03.27"]
[Round "8"]
[White "Tristan,L"]
[Black "Needleman,A"]
[Result "0-1"]
[WhiteElo "2288"]
[BlackElo "2371"]

1.e4 c5 2.Nf3 e6 3.d4 cxd4 4.Nxd4 Nc6 5.Nc3 Qc7 6.Be2 a6 7.O-O b5 8.Nxc6 dxc6
9.f4 Nf6 10.Be3 Be7 11.e5 Nd5 12.Nxd5 cxd5 13.c3 O-O 14.a4 Bd7 15.axb5 Bxb5
16.Bxb5 axb5 17.Qe2 Qc4 18.Qf2 g6 19.Bd4 Ra4 20.g4 f5 21.exf6 Bxf6 22.Rxa4 bxa4
23.Qe3 Bxd4 24.cxd4 Qc6 25.Qe5 Rf7 26.Qb8+ Kg7 27.Qe5+ Kg8 28.Qb8+ Rf8 29.Qe5 Rc8
30.Rf2 Rc7 31.Kg2 Rb7 32.Kg3 Rb6 33.Kh4 Qd6 34.Rc2 Qxe5 35.fxe5 Rb7 36.Kg5 Kg7
37.Kf4 h6 38.Rc6 g5+ 39.Ke3 Rb3+ 40.Kd2 Rxb2+ 41.Kc3 Rb3+ 42.Kc2 Kf7 43.Rc7+ Ke8
44.Ra7 Rb4 45.Kc3 Rc4+ 46.Kd3 Kd8 47.Ra6 Kd7 48.Rd6+ Ke7 49.Ra6 Rb4 50.Kc3 Rb3+
51.Kc2 Rf3 52.Rxa4 Rf4 53.h3 Rf3 54.Ra7+ Ke8 55.Rh7 Rxh3 56.Kd2 Kf8 57.Kc2 Rh4
58.Kc3 Kg8 59.Re7 Rxg4 60.Rxe6 h5 61.Rd6 h4 62.Rxd5 h3 63.Rd8+ Kf7 64.d5 h2
65.e6+ Ke7 66.Rd7+ Ke8 67.d6 h1=Q 68.Re7+ Kf8 69.Rf7+ Kg8  0-1

[Event "It"]
[Site "Frascati ITA"]
[Date "2006.03.27"]
[Round "3"]
[White "Brunello,S"]
[Black "Bruno,F"]
[Result "1-0"]
[WhiteElo "2301"]
[BlackElo "2409"]

1.e4 c5 2.Nf3 e6 3.d4 cxd4 4.Nxd4 Nc6 5.Nc3 Qc7 6.Be3 Nf6 7.Qd2 a6 8.O-O-O Bb4
9.f3 Ne5 10.Nb3 b5 11.Bd4 Nc4 12.Qe1 Bb7 13.e5 Nh5 14.Nxb5 axb5 15.Qxb4 Rxa2
16.Kb1 Ra8 17.Qxb5 Bd5 18.Qc5 Qxc5 19.Nxc5 Nf4 20.b3 Na5 21.c4 Bc6 22.b4 Rb8
23.Na6 O-O 24.Bc5 Ra8 25.Bxf8 Kxf8 26.b5 Bb7 27.Nc5 Bc8 28.Kb2 Ng6 29.Ra1 Nxe5
30.Kc3 d5 31.Be2 dxc4 32.Kb4 Nd3+ 33.Bxd3  1-0

[Event "ch-Moscow Final"]
[Site "Moscow RUS"]
[Date "2006.03.27"]
[Round "3"]
[White "Amonatov,F"]
[Black "Grigoriants,S RUS"]
[Result "0-1"]
[WhiteElo "2564"]
[BlackElo "2550"]

1.e4 c5 2.Nf3 Nc6 3.d4 cxd4 4.Nxd4 e6 5.Nc3 a6 6.Nxc6 bxc6 7.Bd3 d5 8.O-O Nf6
9.Re1 Be7 10.e5 Nd7 11.Qg4 g6 12.Na4 Rb8 13.b3 h5 14.Qe2 Nb6 15.Nxb6 Qxb6
16.c4 d4 17.Qc2 c5 18.Bd2 Bb7 19.Rab1 a5 20.Qc1 h4 21.h3 Bc6 22.Qc2 Kd7 23.Be4 Ra8
24.Qd3 Qb7 25.a3 Rhb8 26.Qf3 Bxe4 27.Rxe4 Ke8 28.Qg4 Ra6 29.Rf4 Qc7 30.Rf3 Qxe5
31.Re1 Qg7 32.Bg5 f6 33.Bxh4 Kf7 34.Qe4 g5 35.Bg3 Rbb6 36.h4 g4 37.Rd3 f5
38.Qe2 Qh6 39.Bc7 Rb7 40.Be5 Bxh4 41.g3 Bg5 42.f4 gxf3 43.Qxf3 Rab6 44.Kg2 Qg6
45.Rh1 Bf6 46.Bxf6 Kxf6 47.Qf4 Rh7 48.Rxh7 Qxh7 49.Rxd4  0-1

[Event "Torre ENTEL PCS"]
[Site "Santiago CHI"]
[Date "2006.03.27"]
[Round "8"]
[White "Zambrana,O"]
[Black "Leitao,R"]
[Result "1/2-1/2"]
[WhiteElo "2405"]
[BlackElo "2575"]

1.e4 c5 2.Nf3 Nc6 3.d4 cxd4 4.Nxd4 e6 5.Nc3 a6 6.Be3 Nf6 7.f3 d5 8.exd5 Nxd5
9.Nxd5 Qxd5 10.Nxc6 Qxc6 11.Bd3 Bb4+ 12.c3 Bc5 13.Qe2 Bxe3 14.Qxe3 Bd7 15.O-O-O Qc7
16.Rd2 Bc6 17.Be4 Bxe4 18.Qxe4 O-O 19.f4 b5  1/2-1/2

[Event "22nd Spring Festival Open"]
[Site "Budapest HUN"]
[Date "2006.03.28"]
[Round "6"]
[White "Mihok,O"]
[Black "Bednay,B"]
[Result "1/2-1/2"]
[WhiteElo "2166"]
[BlackElo "2231"]

1.e4 c5 2.Nf3 e6 3.d4 cxd4 4.Nxd4 Nc6 5.Nc3 Qc7 6.Be3 a6 7.Qd2 Nf6 8.O-O-O b5
9.Nxc6 Qxc6 10.f3 Be7 11.g4 d6 12.h4 Rb8 13.Kb1 Nd7 14.Ne2 e5 15.Nc3 Nc5
16.Nd5 Be6 17.g5 Bxd5 18.exd5 Qc7 19.h5 f5 20.gxf6 Bxf6 21.Bxc5 Qxc5 22.Bd3 Kd8
23.Bf5 h6 24.Qg2 a5 25.Qg6 Re8 26.Be6 Re7 27.Qd3 a4 28.Rhe1 Rc7 29.Qh7 Re7
30.Qd3 Ra8 31.Qe3 Rc7  1/2-1/2

[Event "Torre ENTEL PCS"]
[Site "Santiago CHI"]
[Date "2006.03.28"]
[Round "10"]
[White "Felgaer,R"]
[Black "Leitao,R"]
[Result "1-0"]
[WhiteElo "2607"]
[BlackElo "2575"]

1.e4 c5 2.Nf3 Nc6 3.d4 cxd4 4.Nxd4 e6 5.Nc3 a6 6.Be2 d6 7.O-O Nf6 8.Be3 Be7
9.a4 Bd7 10.Nb3 Na5 11.Nd2 O-O 12.f4 Qc7 13.Kh1 Rfd8 14.Qe1 Rab8 15.Qf2 b5
16.e5 Nd5 17.Nxd5 exd5 18.Nf3 bxa4 19.Bd3 Nc6 20.Qg3 dxe5 21.fxe5 f5 22.Bf4 Be6
23.Rxa4 a5 24.Bh6 Bf8 25.Rh4 Rb4 26.Ng5 Rxh4 27.Nxe6 Qe7 28.Bg5 Qxe6 29.Bxf5  1-0

[Event "22nd Spring Festival Open"]
[Site "Budapest HUN"]
[Date "2006.03.30"]
[Round "8"]
[White "To Nhat Minh"]
[Black "Bednay,B"]
[Result "0-1"]
[WhiteElo "2175"]
[BlackElo "2231"]

1.e4 c5 2.Nf3 Nc6 3.d4 cxd4 4.Nxd4 e6 5.Nc3 Qc7 6.Be3 a6 7.Qd2 Nf6 8.O-O-O b5
9.Nxc6 Qxc6 10.f3 Be7 11.g4 d6 12.Ne2 Nd7 13.Nd4 Qc7 14.h4 Ne5 15.Kb1 Bb7
16.Qf2 O-O 17.g5 d5 18.Bf4 Nd3 19.Bxd3 Qxf4 20.Ne2 Qc7 21.e5 b4 22.Qg3 a5
23.h5 Ba6 24.g6 fxg6 25.hxg6 Bxd3 26.cxd3 h6 27.f4 b3 28.axb3 a4 29.Nd4 Qb6
30.Rxh6 gxh6 31.Qh3 Rxf4 32.Nxe6 Rf2 33.Qxh6 Rxb2+ 34.Kxb2 Qxb3+ 35.Ka1 Qa3+  0-1